[Event "Unterfränkischen EM 2014"]
[Site "Wörth am Main"]
[Date "2014.04.22"]
[Round "3.7"]
[White "Schneider, Johannes"]
[Black "Drewes, Thomas"]
[Result "1/2-1/2"]
[WhiteElo "1843"]
[BlackElo "1912"]
[PlyCount "45"]
[EventDate "2014.??.??"]

1. d4 d5 2. c4 c6 3. Nc3 e6 4. Nf3 Nf6 5. cxd5 exd5 6. Bg5 Be7 7. Qc2 Bg4 8.
Ne5 Be6 9. e3 Nbd7 10. Nxd7 Bxd7 11. Bd3 h6 12. Bh4 Rc8 13. O-O O-O 14. Rab1
Ne8 15. Bxe7 Qxe7 16. b4 a6 17. Na4 Be6 18. Nc5 Nd6 19. Rfc1 f5 20. a4 f4 21.
Re1 f3 22. g3 Bf5 23. e4 {=} 1/2-1/2

[Event "Unterfränkischen EM 2014"]
[Site "Wörth am Main"]
[Date "2014.04.22"]
[Round "3.8"]
[White "Thomele, Michael"]
[Black "Böhl, Marius"]
[Result "0-1"]
[WhiteElo "1908"]
[BlackElo "1743"]
[PlyCount "96"]
[EventDate "2014.??.??"]

1. e4 c5 2. Nf3 Nc6 3. d4 cxd4 4. c3 dxc3 5. Nxc3 e6 6. Bc4 a6 7. Qe2 d6 8. O-O
Nf6 9. Rd1 Qc7 10. Bg5 Be7 11. Rac1 O-O 12. Bb3 Bd7 13. Nd4 Nxd4 14. Rxd4 Bc6
15. Rd3 Rfd8 16. Rh3 Qa5 17. Bd2 Qc7 18. f4 Qd7 19. Rd1 g6 20. e5 dxe5 21. fxe5
Nd5 22. Ne4 Bb5 23. Qe1 Re8 24. Bc3 Qc7 25. Nf6+ Bxf6 26. exf6 Nxc3 27. Rxc3
Qb6+ 28. Kh1 Red8 29. Rdc1 Qd4 30. Rf3 Qd2 31. Qg1 Be2 32. Rf2 Qxb2 33. Re1 Rd2
34. Bd1 Bxd1 35. Rxd2 Qxd2 36. Rxd1 Qf4 37. Rf1 Qe5 38. Qf2 Re8 39. Rd1 Qf5 40.
Qd4 Qd5 41. Qg4 Qxa2 42. h4 Qa5 43. Qf4 Rd8 44. Rf1 Qh5 45. Rf3 e5 46. Qc4 Qh6
47. g3 Rd1+ 48. Kg2 Qd2+ 0-1

[Event "Unterfränkischen EM 2014"]
[Site "Wörth am Main"]
[Date "2014.04.22"]
[Round "3.9"]
[White "Rößner, Uwe"]
[Black "Simon, Jonathan"]
[Result "*"]
[WhiteElo "1863"]
[BlackElo "1938"]
[PlyCount "75"]
[EventDate "2014.??.??"]

1. c4 Nf6 2. g3 g6 3. Bg2 Bg7 4. Nc3 O-O 5. Nf3 c5 6. O-O Nc6 7. d3 d6 8. a3 a5
9. Rb1 e5 10. Bg5 h6 11. Bxf6 Bxf6 12. Nd5 Be6 13. Ne1 Bg7 14. Nc2 Ne7 15.
Nxe7+ Qxe7 16. Ne3 Ra6 17. Nd5 Bxd5 18. Bxd5 a4 {=} 19. b4 axb3 20. Rxb3 b6 21.
e4 Qa7 22. Qa1 Kh7 23. Rfb1 Rb8 24. Qa2 Bf6 25. Ra1 Kg7 26. Qb2 Bd8 27. a4 Ra5
28. Raa3 Qc7 29. Rb5 Qa7 30. Qa2 Qc7 31. Rab3 Qa7 32. Rxa5 bxa5 33. Rb5 Rxb5
34. cxb5 Bb6 35. Qe2 Qe7 36. Kg2 h5 37. h4 Qf6 38. Qf3 {=} *

[Event "Unterfränkischen EM 2014"]
[Site "Wörth am Main"]
[Date "2014.04.22"]
[Round "3.10"]
[White "Bastian, Holger"]
[Black "Blank, Stefan"]
[Result "1-0"]
[WhiteElo "1788"]
[BlackElo "1865"]
[PlyCount "75"]
[EventDate "2014.??.??"]

1. e4 c5 2. Nf3 d6 3. d3 Nc6 4. g3 g6 5. Bg2 Bg7 6. O-O Bd7 7. Nbd2 Qc8 8. Re1
Bh3 9. Bh1 Bg4 10. c3 b5 11. Nb3 a5 12. a4 b4 13. d4 bxc3 14. bxc3 cxd4 15.
cxd4 Nb4 16. Bf4 Qa6 17. Bg2 Qd3 18. e5 Qxd1 19. Raxd1 d5 20. h3 Bf5 21. Nc5
Bc8 22. Bf1 h6 23. Rb1 Kd8 24. Bd2 Rb8 25. Kg2 e6 26. Bb5 Nc2 27. Bxa5+ Ke7 28.
Rec1 Na3 29. Rb3 Nxb5 30. Rxb5 Rxb5 31. axb5 h5 32. Na4 Nh6 33. Rc7+ Bd7 34.
Nc5 Rd8 35. b6 Ke8 36. Rxd7 Rxd7 37. Nxd7 Kxd7 38. b7 1-0

[Event "Unterfränkischen EM 2014"]
[Site "Wörth am Main"]
[Date "2014.04.22"]
[Round "3.1"]
[White "Saftenberger, Wolfgang"]
[Black "Beyersdorf, Gunter"]
[Result "1/2-1/2"]
[WhiteElo "1682"]
[BlackElo "1787"]
[PlyCount "121"]
[EventDate "2014.??.??"]

1. d4 Nf6 2. c4 e6 3. Nc3 d5 4. Bg5 Be7 5. Nf3 Nbd7 6. e3 a6 7. a3 O-O 8. Bd3
Re8 9. O-O Nf8 10. Qc2 dxc4 11. Bxc4 Bd7 12. Ne5 Rc8 13. Rac1 b5 14. Bd3 c5 15.
dxc5 Rxc5 16. Bf4 Nh5 17. Nxd7 Qxd7 18. Rfd1 Qa7 19. Bg3 Nxg3 20. hxg3 Rec8 21.
Qd2 Ng6 22. Bxg6 hxg6 23. b4 Rc4 24. Ne2 Bf6 25. Rxc4 Rxc4 26. Rb1 Qc7 27. Rb3
Rc2 28. Qd3 Qc4 29. Kf1 Ra2 30. f4 Qxd3 31. Rxd3 Bb2 32. Rb3 Bxa3 33. Kf2 Bc1
34. Kf3 Bd2 35. Nd4 Be1 36. Rb1 Rf2+ 37. Kg4 Bc3 38. Nc6 Rxg2 39. Rb3 Be1 40.
e4 Ra2 41. e5 Kf8 42. Rd3 Rd2 43. Ra3 Rc2 44. Rxa6 f6 45. Ra8+ Kf7 46. Ra7+ Kg8
47. Nd4 Rc3 48. Nxb5 Rxg3+ 49. Kh4 Rb3+ 50. Kg4 Rg3+ 51. Kh4 Ra3+ 52. Kg4 Rxa7
53. Nxa7 Bxb4 54. Nc6 Bc3 55. Nd8 fxe5 56. fxe5 Bxe5 57. Nxe6 Bf6 58. Nf4 Kf7
59. Nd5 g5 60. Ne3 Ke6 61. Nc4 1/2-1/2

[Event "Unterfränkischen EM 2014"]
[Site "Wörth am Main"]
[Date "2014.04.22"]
[Round "3.2"]
[White "Wilm, Johannes"]
[Black "Weikert, Benedikt"]
[Result "1-0"]
[WhiteElo "1551"]
[BlackElo "1744"]
[PlyCount "95"]
[EventDate "2014.??.??"]

1. e4 d6 2. d4 Nf6 3. Nc3 g6 4. f3 Bg7 5. Be3 Nbd7 6. Qd2 O-O 7. Nge2 e5 8. g4
exd4 9. Nxd4 Ne5 10. Be2 a6 11. O-O-O c5 12. Nb3 c4 13. Na1 Ne8 14. Bg5 f6 15.
Qd5+ Kh8 16. Bf4 Qb6 17. Bxe5 dxe5 18. Qxc4 Be6 19. Nd5 Qa5 20. Kb1 Nd6 21. Qc7
Qa4 22. Qxd6 Bxd5 23. Qxd5 b5 24. Qb3 Qa5 25. Qa3 Qb6 26. Rhf1 a5 27. Qd6 Qe3
28. c3 Qxe2 29. Qd2 Qxd2 30. Rxd2 Rfd8 31. Rfd1 Rxd2 32. Rxd2 Kg8 33. Nc2 Kf8
34. Rd5 Rb8 35. b4 axb4 36. cxb4 Kf7 37. Kb2 Ke6 38. Na3 Bf8 39. Kb3 f5 40.
gxf5+ gxf5 41. Nxb5 Rb7 42. a4 Rg7 43. Rd2 f4 44. a5 Rg1 45. a6 Rb1+ 46. Rb2
Rf1 47. a7 Rxf3+ 48. Kc4 1-0

[Event "Unterfränkischen EM 2014"]
[Site "Wörth am Main"]
[Date "2014.04.22"]
[Round "3.3"]
[White "Heller, Thomas"]
[Black "Stolcz, Frank"]
[Result "1-0"]
[WhiteElo "1809"]
[BlackElo "1479"]
[PlyCount "121"]
[EventDate "2014.??.??"]

1. e4 d6 2. d4 g6 3. Bc4 e6 4. Nf3 Bg7 5. O-O Ne7 6. c3 O-O 7. Be3 d5 8. exd5
exd5 9. Be2 Re8 10. Na3 c6 11. Qd2 Nf5 12. Bf4 Nd6 13. Rae1 Ne4 14. Qc1 Nd7 15.
h3 Ndf6 16. Ne5 Bf8 17. f3 Nd6 18. Bg5 Be7 19. g4 Nd7 20. Bxe7 Rxe7 21. Nxd7
Bxd7 22. Bd3 Rxe1 23. Rxe1 Qh4 24. Kg2 f5 25. Re5 Nf7 26. Qe1 Qxe1 27. Rxe1
fxg4 28. fxg4 Re8 29. Rxe8+ Bxe8 30. c4 dxc4 31. Bxc4 Bd7 32. Nc2 Kg7 33. Kg3
Nd6 {=} 34. Bd3 Be6 35. b3 Bd5 36. Ne3 Ne4+ 37. Bxe4 Bxe4 38. Kf4 Bb1 39. a3
Ba2 40. b4 Kf6 41. g5+ Ke6 42. h4 Kd6 43. Kg4 Be6+ 44. Kf4 b6 45. Ke4 c5 46.
bxc5+ bxc5 47. d5 Bf5+ 48. Nxf5+ gxf5+ 49. Kxf5 Kxd5 50. h5 c4 51. g6 hxg6+ 52.
hxg6 c3 53. g7 c2 54. g8=Q+ Kd4 55. Qg5 Kc3 56. Qc1 Kd3 57. Ke5 Kc3 58. Kd5 Kd3
59. Kc5 Kc3 60. Kb5 Kb3 61. Ka6 1-0

[Event "Unterfränkischen EM 2014"]
[Site "Wörth am Main"]
[Date "2014.04.22"]
[Round "3.4"]
[White "Liebler, Jürgen"]
[Black "Trapp, Kevin"]
[Result "1/2-1/2"]
[WhiteElo "1684"]
[BlackElo "1637"]
[PlyCount "74"]
[EventDate "2014.??.??"]

1. e4 d6 2. f4 e5 3. Nf3 Bg4 4. fxe5 dxe5 5. Bc4 Nc6 6. O-O Bc5+ 7. Kh1 Nf6 8.
d3 h6 9. c3 a6 10. b4 Bb6 11. Ba3 O-O 12. h3 Bxf3 13. Qxf3 Re8 14. Bc1 Nxb4 15.
a3 Nc6 16. Bxh6 gxh6 17. Qxf6 Qxf6 18. Rxf6 Re7 19. Rxh6 Be3 20. Rg6+ Kh7 21.
Rg3 Bf4 22. Rf3 Rg8 23. Ra2 Na5 24. Nd2 Bxd2 25. Rxd2 Nxc4 26. dxc4 Rg6 {=} 27.
c5 Rc6 28. Rd5 b6 29. cxb6 cxb6 30. Rd2 Rec7 31. Rb2 b5 32. Rb3 Rc4 33. Re3 Rd7
34. Rb4 Rd2 35. a4 Rxb4 36. cxb4 bxa4 37. Ra3 Rd4 {=} 1/2-1/2

[Event "Unterfränkischen EM 2014"]
[Site "Wörth am Main"]
[Date "2014.04.22"]
[Round "3.5"]
[White "Kraus, Arnold"]
[Black "Lamping, Peter"]
[Result "1-0"]
[WhiteElo "1656"]
[BlackElo "1585"]
[PlyCount "105"]
[EventDate "2014.??.??"]

1. d4 Nf6 2. c4 e6 3. Nf3 d6 4. Nc3 Be7 5. e3 O-O 6. Bd3 Nbd7 7. O-O c6 8. Re1
e5 9. Qe2 Qc7 10. b3 Re8 11. Bb2 a6 12. a4 d5 13. dxe5 Nxe5 14. Nxe5 Qxe5 15.
Nxd5 Qd6 16. Nxf6+ Bxf6 17. Bxf6 Qxf6 18. Rad1 Be6 19. e4 b5 20. e5 Qe7 21. Qe4
g6 22. Qxc6 Rec8 23. Qd6 Qa7 24. axb5 axb5 25. Be4 Rab8 26. Ra1 Qc5 27. Ra6
bxc4 28. bxc4 Qxd6 29. exd6 Rxc4 30. Bf3 Rd4 31. h3 Kg7 32. Kh2 Rd8 33. Rd1
Rxd1 34. Bxd1 Kf8 35. Kg3 Ke8 36. Kf4 f6 37. h4 Rb8 38. Ra7 Bd7 39. Be2 Rb4+
40. Kg3 h5 41. f3 Rb6 42. Ra8+ Kf7 43. Bc4+ Kg7 44. Ra7 Rxd6 45. Bb5 Kh6 46.
Rxd7 Rb6 47. Bc4 Rb4 48. Bg8 g5 49. hxg5+ fxg5 50. Bf7 Rb6 51. Re7 Rb4 52. Re6+
Kg7 53. Bxh5 1-0

[Event "Unterfränkischen EM 2014"]
[Site "Wörth am Main"]
[Date "2014.04.22"]
[Round "3.6"]
[White "Pfister, Gerhard"]
[Black "Englert, Fred"]
[Result "0-1"]
[WhiteElo "1487"]
[BlackElo "1813"]
[PlyCount "66"]
[EventDate "2014.??.??"]

1. d4 d5 2. c4 c6 3. e3 g6 4. Nf3 Bg7 5. Nc3 Nf6 6. Be2 O-O 7. O-O Nbd7 8. Qc2
b6 9. cxd5 cxd5 10. b3 Bb7 11. Ba3 Rc8 12. Qb2 Re8 13. Rac1 h6 14. Ne1 Ne4 15.
f3 Nef6 16. Nd3 a6 17. Qd2 e5 18. Rc2 exd4 19. exd4 Nh5 20. Nf4 Nxf4 21. Qxf4
Nf8 22. Re1 Ne6 23. Qd2 Nxd4 24. Rcc1 Rxc3 25. Rxc3 Nxe2+ 26. Rxe2 Rxe2 27.
Qxe2 Bxc3 28. Qd3 Qf6 29. Bc1 Kg7 30. Kf1 b5 31. Qe3 Qe5 32. Qxh6+ Kg8 33. Bf4
Qe1# 0-1

[Event "Unterfränkischen EM 2014"]
[Site "Wörth am Main"]
[Date "2014.04.22"]
[Round "3.7"]
[White "Heerlein, Gerd"]
[Black "Mattern, Kilian"]
[Result "1/2-1/2"]
[WhiteElo "1775"]
[BlackElo "1446"]
[PlyCount "54"]
[EventDate "2014.??.??"]

1. d4 Nf6 2. c4 e6 3. Nc3 Bb4 4. Qc2 O-O 5. a3 Bxc3+ 6. Qxc3 Ne4 7. Qc2 f5 8.
e3 d5 9. Nf3 c6 10. Be2 Nd7 11. O-O Qf6 12. b4 Rd8 13. Rb1 Nf8 14. Ne5 Ng6 15.
Nxg6 Qxg6 16. f4 Bd7 17. Bd2 Rac8 18. Rfc1 b5 19. c5 Nxd2 20. Qxd2 Be8 21. a4
a6 22. Ra1 Ra8 23. Rc2 Ra7 24. axb5 cxb5 25. Rca2 Rda8 26. Ra5 Qf7 27. Qc2 Qb7
{=} 1/2-1/2

[Event "Unterfränkischen EM 2014"]
[Site "Wörth am Main"]
[Date "2014.04.22"]
[Round "3.9"]
[White "Träger, Dominik"]
[Black "Albert, Samuel"]
[Result "0-1"]
[WhiteElo "1615"]
[BlackElo "1464"]
[PlyCount "75"]
[EventDate "2014.??.??"]

1. d4 e6 2. c4 Bb4+ 3. Nc3 b6 4. Bf4 Bb7 5. Qc2 Nf6 6. O-O-O Bxc3 7. bxc3 Qe7
8. e3 Ne4 9. Bd3 Qa3+ 10. Qb2 Qxb2+ 11. Kxb2 Nxf2 12. Nf3 Nxh1 13. Rxh1 d6 14.
Nh4 h6 15. Nf3 Nd7 16. e4 Rf8 17. d5 Nc5 18. Bc2 Ba6 19. Nd2 e5 20. Be3 Ke7 21.
h4 Bc8 22. Rf1 Bd7 23. Nb3 Rfb8 24. Kc1 Rg8 25. Nxc5 bxc5 26. Bd1 Rab8 27. Kc2
Rb7 28. Kd3 Rgb8 29. Bc1 c6 30. Bc2 cxd5 31. cxd5 c4+ 32. Ke3 g5 33. hxg5 hxg5
34. Kf3 f6 35. Kg3 Rh8 36. Rf2 Rh1 37. Ba3 Ra1 38. Bd1 0-1

[Event "Unterfränkischen EM 2014"]
[Site "Wörth am Main"]
[Date "2014.04.22"]
[Round "3.10"]
[White "Chen, Jiuli"]
[Black "Porstendörfer, Yannik"]
[Result "1-0"]
[WhiteElo "1493"]
[BlackElo "904"]
[PlyCount "83"]
[EventDate "2014.??.??"]

1. d4 d5 2. Nf3 Nf6 3. e3 b6 4. c4 Ba6 5. Qa4+ Qd7 6. Qc2 e6 7. Bd2 Bd6 8. Bd3
O-O 9. Ne5 Qd8 10. O-O Nbd7 11. Nc6 Qe8 12. f3 dxc4 13. Bxc4 Bxc4 14. Qxc4 e5
15. d5 a6 16. e4 b5 17. Qc2 Bc5+ 18. Kh1 Nb8 19. Nxb8 Qxb8 20. Qxc5 Nd7 21. Qf2
Qa7 22. Be3 Qb7 23. Nd2 c6 24. dxc6 Qxc6 25. Rac1 Qg6 26. Rfd1 Rfc8 27. Rxc8+
Rxc8 28. Nb3 Nf8 29. Bc5 Ne6 30. Rd6 Rd8 31. Rxd8+ Nxd8 32. Qd2 Qf6 33. Qd7 h5
34. Be7 Qf4 35. Qxd8+ Kh7 36. Bg5 Qxg5 37. Qxg5 f6 38. Qxh5+ Kg8 39. Nc5 a5 40.
Ne6 b4 41. Qg6 a4 42. Qxg7# 1-0

[Event "Unterfränkischen EM 2014"]
[Site "Wörth am Main"]
[Date "2014.04.22"]
[Round "3.12"]
[White "Brennfleck, Martin"]
[Black "Diener, Konrad"]
[Result "1/2-1/2"]
[WhiteElo "1464"]
[BlackElo "1293"]
[PlyCount "86"]
[EventDate "2014.??.??"]

1. d4 d5 2. Nf3 Nf6 3. e3 e6 4. Bd3 Bd6 5. O-O O-O 6. Nbd2 c5 7. c3 c4 8. Bc2
b5 9. Qe2 Nbd7 10. e4 Bf4 11. e5 Bxd2 12. Bxd2 Ne8 13. Bxh7+ Kxh7 14. Ng5+ Kg6
15. Qf3 f6 16. Nxe6 Qe7 17. Qg4+ Kf7 18. Nxf8 Qxf8 19. e6+ Ke7 20. exd7 Bxd7
21. Rae1+ Kd8 22. Qh5 Nd6 23. Qxd5 Rc8 24. Bf4 Rc6 25. Bxd6 Qxd6 26. Qg8+ Kc7
27. Qxg7 Kb6 28. Re7 Rc7 29. Rfe1 a5 30. Qg6 Bf5 31. Qg7 Bd7 32. Qf8 Kb7 33.
Rf7 Qf4 34. Rxf6 Qd2 35. Qe7 Qxb2 36. Rf7 Qxc3 37. Qe4+ Kb6 38. Rf6+ Rc6 39.
Rxc6+ Bxc6 40. Qe3 Qxe3 41. fxe3 Be4 42. Rc1 Bd3 43. Kf2 b4 1/2-1/2

[Event "Unterfränkischen EM 2014"]
[Site "Wörth am Main"]
[Date "2014.04.22"]
[Round "3.14"]
[White "Stegnar, Roland"]
[Black "Hasenstab, Rainer"]
[Result "1-0"]
[WhiteElo "1385"]
[BlackElo "1004"]
[PlyCount "75"]
[EventDate "2014.??.??"]

1. e4 e5 2. Nf3 Nc6 3. d4 d6 4. dxe5 Nxe5 5. Nxe5 dxe5 6. Qxd8+ Kxd8 7. Bc4 Be6
8. Bxe6 fxe6 9. O-O Bd6 10. Nc3 c6 11. Be3 Kc7 12. f4 Ne7 13. fxe5 Bxe5 14. Bf4
Bxf4 15. Rxf4 Rhf8 16. Raf1 Rg8 17. Rd1 Rgf8 18. Ne2 Ng6 19. Rff1 a5 20. Nd4
Rae8 21. Rxf8 Nxf8 22. Rf1 Kd6 23. Nf3 h6 24. Rd1+ Kc7 25. Kf2 b5 26. Ke3 e5
27. a3 Ng6 28. g3 Re6 29. b3 Ne7 30. Nh4 g6 31. c4 g5 32. Nf3 g4 33. Nh4 bxc4
34. bxc4 Ng6 35. Nf5 Ne7 36. c5 Nxf5+ 37. exf5 Rf6 38. Ke4 1-0